Nursing research : (Record no. 5595)

MARC details
000 -LEADER
fixed length control field 01164cam a22003377a 4500
001 - CONTROL NUMBER
control field 15368769
003 - CONTROL NUMBER IDENTIFIER
control field OSt
005 - DATE AND TIME OF LATEST TRANSACTION
control field 20170228171056.0
008 - FIXED-LENGTH DATA ELEMENTS--GENERAL INFORMATION
fixed length control field 080716s2009 caua b 001 0 eng d
010 ## - LIBRARY OF CONGRESS CONTROL NUMBER
LC control number 2008933205
020 ## - INTERNATIONAL STANDARD BOOK NUMBER
International Standard Book Number 9781412912082 (cased)
020 ## - INTERNATIONAL STANDARD BOOK NUMBER
International Standard Book Number 1412912083 (cased)
020 ## - INTERNATIONAL STANDARD BOOK NUMBER
International Standard Book Number 9781412912099 (pbk.)
020 ## - INTERNATIONAL STANDARD BOOK NUMBER
International Standard Book Number 1412912091 (pbk.)
035 ## - SYSTEM CONTROL NUMBER
System control number (OCoLC)ocn244314707
040 ## - CATALOGING SOURCE
Original cataloging agency NLM
Transcribing agency NLM
Modifying agency UKM
-- YDXCP
-- BWKUK
-- BTCTA
-- DLC
042 ## - AUTHENTICATION CODE
Authentication code ukblcatcopy
-- nlmcopyc
-- lccopycat
050 00 - LIBRARY OF CONGRESS CALL NUMBER
Classification number RT81.5
Item number .M68 2009
082 ## - DEWEY DECIMAL CLASSIFICATION NUMBER
Classification number WY 18
Item number M861n 2009
100 1# - MAIN ENTRY--PERSONAL NAME
Personal name Moule, Pam.
9 (RLIN) 11688
245 10 - TITLE STATEMENT
Title Nursing research :
Remainder of title an introduction /
Statement of responsibility, etc. Pam Moule and Margaret Goodman.
260 ## - PUBLICATION, DISTRIBUTION, ETC. (IMPRINT)
Place of publication, distribution, etc. Los Angeles :
Name of publisher, distributor, etc. SAGE,
Date of publication, distribution, etc. 2009.
300 ## - PHYSICAL DESCRIPTION
Extent xxiv, 402 p. :
Other physical details ill. ;
Dimensions 23 cm.
504 ## - BIBLIOGRAPHY, ETC. NOTE
Bibliography, etc Includes bibliographical references and index.
650 #0 - SUBJECT ADDED ENTRY--TOPICAL TERM
Topical term or geographic name as entry element Nursing
General subdivision Research.
9 (RLIN) 11685
650 #0 - SUBJECT ADDED ENTRY--TOPICAL TERM
Topical term or geographic name as entry element Nursing
General subdivision Research
-- Methodology.
9 (RLIN) 11686
700 1# - ADDED ENTRY--PERSONAL NAME
Personal name Goodman, Margaret,
Titles and other words associated with a name Dr.
9 (RLIN) 11689
906 ## - LOCAL DATA ELEMENT F, LDF (RLIN)
a 7
b cbc
c copycat
d 2
e epcn
f 20
g y-gencatlg
942 ## - ADDED ENTRY ELEMENTS (KOHA)
Source of classification or shelving scheme Other/Generic Classification Scheme
Koha item type Open Shelf
Holdings
Withdrawn status Lost status Source of classification or shelving scheme Damaged status Not for loan Home library Current library Date acquired Source of acquisition Inventory number Total Checkouts Full call number Barcode Date last seen Price effective from Koha item type
    Other/Generic Classification Scheme     MUST Main Library MUST Main Library 28/02/2017   2011/33055   WY 18 M861n 2009 2017-0278 28/02/2017 28/02/2017 Open Shelf